| 000 | 00790cab a2200289 4500 | ||
|---|---|---|---|
| 001 | ABS60455 | ||
| 008 | 090401t1999 xxu||||| |||| 00| 0 eng d | ||
| 035 | _a(Sirsi) u93272 | ||
| 041 | _aeng | ||
| 245 | _aRegional survey: City, Fringe and Docklands | ||
| 260 | _c1999 | ||
| 350 | _a0 | ||
| 490 |
_aProperty Week _v64 (18) 7 May 1999, 47-74(12) |
||
| 650 | _aCANARY WHARF | ||
| 650 | _aCITY FRINGE | ||
| 650 | _aCITY OF LONDON | ||
| 650 | _aDOCKLANDS | ||
| 650 | _aINVESTMENT | ||
| 650 | _aISLE OF DOGS | ||
| 650 | _aLIFFE | ||
| 650 | _aPROPERTY-COMMERCIAL PROPERTY-OFFICE PROPERTY-OFFICE PROPERTY MARKET | ||
| 650 | _aSPITALFIELDS | ||
| 650 | _aWOOD STREET | ||
| 690 | _aPROPERTY-COMMERCIAL PROPERTY-COMMERCIAL PROPERTY MARKET | ||
| 942 | _n0 | ||
| 948 | _c11/05/1999 | ||
| 999 |
_c59122 _d59122 |
||